Advanced English grammar (with questions & answers)

Bibliographic Details
Format: Book
Published: Selangor : Eddiplex Sdn. Bhd , 2009
Edition:2nd ed
Subjects:

MARC

LEADER 00000cam a2200000 7i4500
001 0000037139
005 20130821.0
008 130819
020 |a 9838808132 
090 0 0 |a 428.2076   |b ADV 
245 1 0 |a Advanced English grammar (with questions & answers) 
250 |a 2nd ed 
260 |a Selangor :   |b Eddiplex Sdn. Bhd ,   |c 2009 
650 0 |a English language grammar problems 
999 |a 0001233530   |b Book   |c Adult Collection   |e Cawangan Tangkak 
999 |a 0001233531   |b Book   |c Adult Collection   |e Cawangan Bandar Tenggara 
999 |a 0001233533   |b Book   |c Adult Collection   |e Cawangan Pontian 
999 |a 0001233534   |b Book   |c Adult Collection   |e Cawangan Bandar Penawar 
999 |a 0001233536   |b Book   |c Adult Collection   |e Cawangan Mersing 
999 |a 0001233537   |b Book   |c Adult Collection   |e Cawangan Tmn. Ungku Tun Aminah 
999 |a 0001233539   |b Book   |c Adult Collection   |e Cawangan Segamat 
999 |a 0001233540   |b Book   |c Adult Collection   |e Cawangan Bukit Gambir 
999 |a 0001233541   |b Book   |c Adult Collection   |e Cawangan Muar 
999 |a 0001233542   |b Book   |c Adult Collection   |e Cawangan Kota Tinggi 
999 |a 0001239295   |b Book   |c Adult Collection   |e Perbadanan Perpustakaan Awam Johor 
999 |a 0001239296   |b Book   |c Adult Collection   |e Perbadanan Perpustakaan Awam Johor 
999 |a 0001239298   |b Book   |c Adult Collection   |e Perbadanan Perpustakaan Awam Johor 
999 |a 001233541   |b Book   |c Adult Collection   |e Cawangan Muar